000 00532nam a22001577a 4500
008 160708b xxu||||| |||| 00| 0 eng d
020 _a9780077247171
050 _aHB 172.5 .C638 2010
100 _aColander, David.
_d2010.
245 _aMacroeconomics /
_cDavid C. Colander.
250 _a8th ed.
260 _aBoston;
_bMcGraw-Hill Irwin,
_c2010.
300 _axxxvi, 541[41] p. : ill.
_bIncludes bibliographical references and index.
650 _aMacroeconomics.
942 _2lcc
_cBOOKS
_hHB 172.5 .C638 2010
999 _c11378
_d11378